| 000 | 01416nam a22003017a 4500 | ||
|---|---|---|---|
| 001 | 5074 | ||
| 003 | FISKH | ||
| 005 | 20241105083358.0 | ||
| 008 | 241105b cb ||||| |||| 00| 0 eng d | ||
| 020 | _a078073004508 | ||
| 040 |
_aFISKH _beng _cFISKH _dFISKH |
||
| 050 | _aPS430 | ||
| 082 | _a948.022 | ||
| 100 | _aDeary, Terry | ||
| 245 |
_aThe Vicious Vikings / _cby Terry Deary : illustrated by Martin Brown |
||
| 250 | _aFirst Scholastic printing, September 1997 | ||
| 260 |
_aNew York : _bScholastic ; _c1994. |
||
| 300 |
_a128 pages : _billustrations ; _c21 cm . |
||
| 490 | _aHorrible Histories | ||
| 505 | _aU | ||
| 520 | _aHistory. Juvenile Nonfiction. HTML: Sail back to a vicious time with fearsome seafaring Viking warriors with big boats, big shields and enormous ginger beards. Readers can discover all the foul facts about the Vicious Vikings, including Viking gods in wedding dresses, corpses on trial and Death by booby-trapped statues. With a bold, accessible new look, these bestselling titles are sure to be a huge hit with yet another generation of Terry Deary fans. Revised by the author and illustrated throughout to make Horrible Histories more accessible to young readers. . | ||
| 521 | 8 |
_a870
_bLexile |
|
| 521 | 8 |
_aU
_bRaz-Plus |
|
| 650 |
_aVikings _vhorrible stories |
||
| 700 |
_aBrown, ,Martin _eillustrator |
||
| 942 |
_2ddc _cBK _n0 |
||
| 999 |
_c5074 _d5074 |
||